[Event "Capablanca Memorial op 44th"]
[Site "Havana"]
[Date "2009.06.08"]
[Round "1"]
[White "Ortiz, Nadya Karolina"]
[Black "Otero Acosta, Diasmany"]
[Result "0-1"]
[WhiteElo "2248"]
[BlackElo "2431"]
[PlyCount "66"]
[EventDate "2009.06.08"]
[EventType "swiss"]
[EventRounds "10"]
[EventCountry "CUB"]
[SourceTitle "CBM 130 Extra"]
[Source "ChessBase"]
[SourceDate "2009.07.02"]
[SourceVersion "2"]
[SourceVersionDate "2009.07.15"]
[SourceQuality "1"]

1. e4 c5 2. Nf3 d6 3. d4 cxd4 4. Nxd4 Nf6 5. Nc3 g6 6. Bc4 Bg7 7. f3 0-0 8. Be3 Nc6 9. Qd2 Bd7 10. 0-0-0 Ne5 11. Bb3 b5 12. h4 a5 13. Nd5 a4 14. Nxf6+ Bxf6 15. Bd5 Rc8 16. a3 Nc4 17. Bxc4 Rxc4 18. Kb1 b4 19. axb4 Qa8 20. c3 Rfc8 21. Rc1 d5 22. e5 Bxe5 23. h5 g5 24. Bxg5 Bxd4 25. Bxe7 Qc6 26. Qg5+ Kh8 27. g4 h6 28. Qd2 Bg7 29. g5 a3 30. gxh6 Qxh6 31. Bg5 Qh7+ 32. Ka2 axb2 33. Rc2 Ra8+ 0-1

[Event "Dos Hermanas Internet qual-C 10th"]
[Site "ICC INT"]
[Date "2009.03.14"]
[Round "6"]
[White "Ortiz, Nadya Karolina"]
[Black "Amin, Bassem"]
[Result "0-1"]
[WhiteElo "2241"]
[BlackElo "2562"]
[PlyCount "62"]
[EventDate "2009.03.14"]
[EventType "swiss (blitz)"]
[EventRounds "12"]
[EventCountry "ESP"]
[SourceTitle "CBM 129 Extra"]
[Source "ChessBase"]
[SourceDate "2009.05.05"]
[SourceVersion "2"]
[SourceVersionDate "2009.05.20"]
[SourceQuality "1"]

1. e4 e5 2. Nf3 Nc6 3. Bb5 a6 4. Ba4 Nf6 5. d3 d6 6. Bb3 h6 7. c3 g6 8. Nbd2 Bg7 9. 0-0 0-0 10. Re1 Kh8 11. Nf1 Nh7 12. d4 Bg4 13. d5 Ne7 14. h3 Bd7 15. Bc2 f5 16. exf5 gxf5 17. c4 b6 18. Ng3 Ng6 19. Nh5 Qe7 20. Bd2 Rf7 21. Qc1 Rg8 22. Bxh6 Bxh6 23. Qxh6 Nh4 24. Nxh4 Qxh4 25. Kh2 Rf6 26. Nxf6 Qxh6 27. Nxg8 Kxg8 28. g3 Ng5 29. h4 Nf3+ 30. Kg2 Nxe1+ 31. Rxe1 Qd2 0-1

[Event "Dos Hermanas Internet qual-C 10th"]
[Site "ICC INT"]
[Date "2009.03.14"]
[Round "2"]
[White "Ortiz, Nadya Karolina"]
[Black "Martin Capitan, Feliciano"]
[Result "0-1"]
[WhiteElo "2241"]
[BlackElo "2177"]
[PlyCount "84"]
[EventDate "2009.03.14"]
[EventType "swiss (blitz)"]
[EventRounds "12"]
[EventCountry "ESP"]
[SourceTitle "CBM 129 Extra"]
[Source "ChessBase"]
[SourceDate "2009.05.05"]
[SourceVersion "2"]
[SourceVersionDate "2009.05.20"]
[SourceQuality "1"]

1. e4 e5 2. Nf3 Nc6 3. Bb5 Bc5 4. c3 Bb6 5. 0-0 Nf6 6. Bxc6 dxc6 7. Nxe5 0-0 8. d3 Re8 9. Nc4 Bg4 10. Qc2 Bc5 11. Be3 Bf8 12. h3 Be6 13. Nbd2 b5 14. Na3 Qd7 15. Bg5 Bxh3 16. Bxf6 Bxg2 17. Qd1 Qh3 18. f4 Bxf1 19. Qxf1 Qxf1+ 20. Nxf1 gxf6 21. Nc2 Rad8 22. Rd1 Bh6 23. f5 Rxe4 24. Kf2 Rh4 25. Nce3 Bxe3+ 26. Nxe3 Rh2+ 27. Kf3 Rxb2 28. Ng4 Kg7 29. Nf2 Rxa2 30. Rg1+ Kf8 31. Rh1 Rxf2+ 32. Kxf2 Rxd3 33. Rxh7 Rxc3 34. Rh8+ Ke7 35. Ra8 b4 36. Ke2 b3 37. Kd2 Rc2+ 38. Kd3 c5 39. Rb8 c4+ 40. Kd4 b2 41. Kd5 c3 42. Kc6 Rc1 0-1